La Batalla i altres textos / Daniel Cardona ; edició a cura d'Enric Ucelay da Cal
Descripción Física:
LIX, 250 p. ; 20 cm
Otros Autores:
Ucelay Da Cal, Enric, 1948-
Materias:
Nacionalisme -- Catalunya
MARC
| LEADER | 00000nam a2200000Ia 4500 | ||
|---|---|---|---|
| 001 | 1247 | ||
| 008 | 160829s1984 xx 000 0 cat d | ||
| 080 | |a M-2-228 | ||
| 100 | |a Cardona, Daniel |9 26033 | ||
| 245 | |a La Batalla i altres textos / Daniel Cardona ; edició a cura d'Enric Ucelay da Cal | ||
| 260 | |a Barcelona : |b La Magrana : |b Diputació de Barcelona, |c 1984 | ||
| 300 | |a LIX, 250 p. ; |c 20 cm | ||
| 490 | |a Biblioteca dels clàssics del nacionalisme català ; 6 | ||
| 650 | 0 | |a Nacionalisme |z Catalunya |9 11008 | |
| 700 | 1 | |a Ucelay Da Cal, Enric, |d 1948- |e editor |9 43289 | |
| 901 | |a Arxiu | ||
| 942 | |n 1 |2 udc | ||
| 952 | |0 0 |1 0 |4 0 |6 M2228 |7 1 |9 43861 |a Arxiu |b Arxiu |d 2016-12-01 |l 0 |o M-2-228 |p 1247 |r 2016-12-01 00:00:00 |w 2016-12-01 |y ARXIU | ||
| 999 | |c 46440 |d 46440 | ||